LEADER 01142nam0 2200289 450 001 000019466 005 20081117161516.0 010 $a0898711916 100 $a20081117d1983----km-y0itay50------ba 101 0 $aeng 102 $aUS 105 $ay-------101yy 200 1 $aAdaptive computational methods for partial differential equations$fedited by Ivo Babuska, Jagdish Chandra, Joseph E. Flaherty 210 $aPhiladelphia$cSIAM$d1983 215 $aXII, 251 p.$d25 cm 300 $aAtti del convegno tenutosi alla University of Maryland, 14-16 febbraio 1983 500 10$aAdaptive computational methods for partial differential equations$956079 610 1 $aEquazioni differenziali parziali$aRisoluzione numerica$aCongressi$a1983 676 $a515.353$v20$9Equazioni differenziali alle derivate parziali. 702 1$aBabuska,$bIvo 702 1$aFlaherty,$bJoseph E. 702 1$aChandra,$bJagdish 801 0$aIT$bUNIPARTHENOPE$c20081117$gRICA$2UNIMARC 912 $a000019466 951 $aM 515.353/27$bM 779$cDSA$d2008 996 $aAdaptive computational methods for partial differential equations$956079 997 $aUNIPARTHENOPE LEADER 02326nam 2200481 450 001 9910813597803321 005 20200124094817.0 010 $a2-8044-6339-7 035 $a(CKB)3790000000019087 035 $a(EBL)2088401 035 $a(Au-PeEL)EBL2088401 035 $a(OCoLC)914149314 035 $a(MiAaPQ)EBC2088401 035 $a(EXLCZ)993790000000019087 100 $a20200124d2013 uy 0 101 0 $afre 135 $aur|n|---||||| 181 $ctxt$2rdacontent 182 $cc$2rdamedia 183 $acr$2rdacarrier 200 10$aBuild, operate and transfer $emodalite? de partenariat public-prive? approche : law and economics /$fNimrod Roger Tafotie Youmsi ; pre?face d'Andre? Pru?m et de Pierre Van Ommeslaghe 210 1$aBruxelles :$cLarcier,$d[2013] 210 4$dİ2013 215 $a1 online resource (953 p.) 225 1 $aCollection de la Faculte? de droit, d'e?conomie et de finance de l'Universite? du Luxembourg 300 $aDescription based upon print version of record. 311 $a2-8044-5355-3 320 $aIncludes bibliographical references and index. 330 $a Fonde?e sur une me?thode pragmatique, cette e?tude propose pour la premie?re fois une analyse syste?matique du Build, Operate and Transfer (BOT) qu'elle e?claire par une de?marche interdisciplinaire, ancre?e principalement autour de l'approche Law and Economics. Conside?re? comme un impe?ratif e?conomique et me?me moral, l'investissement dans les infrastructures et les services collectifs participe, dans une large mesure, a? la croissance e?conomique ainsi qu'a? l'ame?lioration des conditions de vie humaine dans toute nation. Toutefois de nos jours, les E?tats ou les collectivite?s publiques n'ont plus l 410 0$aCollection de la Faculte? de droit, d'e?conomie et de finance de l'Universite? du Luxembourg. 606 $aInfrastructure (Economics)$xFinance 615 0$aInfrastructure (Economics)$xFinance. 676 $a350.86 700 $aTafotie Youmsi$b Nimrod Roger$01706065 702 $aPrum$b Andre? 702 $aOmmeslaghe$b Pierre van 801 0$bMiAaPQ 801 1$bMiAaPQ 801 2$bMiAaPQ 906 $aBOOK 912 $a9910813597803321 996 $aBuild, operate and transfer$94093253 997 $aUNINA